000 00925cam a2200229 4500
001 WB4024-10
008 040622n2004 000 0 eng u
035 _a(Sirsi) u126554
245 _aRICS seeks third way on insurance regulation
260 _c2004
490 _aRICS Press Release
_v(pr059) 18 June 2004 (2)
520 _aRICS is seeking an alternative to Financial Services Authority regulation of all firms arranging insurance services in the property and construction sector. It is in discussion with the government about taking on the role of regulator itself. http://www.rics.org/ricscms/bin/show?class=PressRe lease&template=/includes/showpr.html&id=1193
590 _aWB
590 _aWB
650 _aFINANCIAL SERVICES AUTHORITY
650 _aINSURANCE SERVICES
650 _aRICS
650 _aPROPERTY INSURANCE
650 _aCONSTRUCTION INSURANCE
690 _aINSURANCE
_96249
942 _n0
999 _c117570
_d117570